Organizaciones: comportamiento, estructura y procesos

Shranjeno v:
Bibliografske podrobnosti
Main Authors: Gibson, James L (Author), Ivancevich, John M (Author), Donnelly, James H (Author)
Drugi avtorji: Konopaske, Robert (autor)
Format: Knjiga
Jezik:španščina
Izdano: Cuernavaca McGraw-Hill 2011
Izdaja:5a. ed
Teme:
Oznake: Označite
Brez oznak, prvi označite!

MARC

LEADER 00000cam a2200000 a 4500
001 UCG9624
003 CL-VaPUC
008 120323e20110000MX |||||||||||||||||spa|d
020 |a 9786071506108 
082 0 4 |a 658.402  |b GIB  |2 21 
100 |a Gibson, James L  |e author  |9 561245 
700 |a Ivancevich, John M  |e author  |9 561246 
700 0 |a Donnelly, James H  |e author  |9 561247 
700 |a Konopaske, Robert  |e autor  |9 561248 
245 1 0 |a Organizaciones: comportamiento, estructura y procesos 
250 |a 5a. ed 
300 |a 569 p 
942 |c BK 
945 |d 20120323 00:00:00  |a dcastane 
260 |a Cuernavaca  |b McGraw-Hill  |c 2011 
650 0 |a Comportamiento organizacional   |9 311858 
650 0 |a Motivación   |9 315362 
650 0 |a Liderazgo  |9 271835 
583 |a last modification  |c 20121022 12:40:21  |k Rodrigo Vera 
999 |c 347170  |d 347168 
952 |0 0  |1 0  |4 0  |6 658_402000000000000_GIB_2011  |7 0  |8 A  |9 448335  |a BIBENE  |b BIBENE  |d 2019-11-22  |i 4846648  |o 658.402 GIB 2011  |p 4846648  |r 2025-01-15  |w 2019-11-22  |y BK  |k ICO 
952 |0 0  |1 0  |4 0  |6 658_402000000000000_GIB_2011  |7 0  |8 A  |9 448336  |a BIBGIM  |b BIBGIM  |d 2019-11-22  |i 4918932  |l 1  |o 658.402 GIB 2011  |p 4918932  |r 2025-01-15  |s 2024-09-09  |w 2019-11-22  |y BK  |k COM 
952 |0 0  |1 0  |4 0  |6 658_402000000000000_GIB_2011  |7 0  |8 A  |9 448337  |a BIBGIM  |b BIBGIM  |d 2019-11-22  |i 4918940  |l 6  |o 658.402 GIB 2011  |p 4918940  |r 2025-01-15  |s 2024-11-18  |w 2019-11-22  |y BK  |k COM 
952 |0 0  |1 0  |4 0  |6 658_402000000000000_GIB_2011  |7 0  |8 A  |9 448338  |a BIBGIM  |b BIBGIM  |d 2019-11-22  |i 4918959  |l 2  |o 658.402 GIB 2011  |p 4918959  |r 2025-01-15  |s 2024-09-06  |w 2019-11-22  |y BK  |k COM 
952 |0 0  |1 0  |4 0  |6 658_402000000000000_GIB_2011  |7 0  |8 A  |9 448339  |a BIBGIM  |b BIBGIM  |d 2019-11-22  |i 4918967  |l 2  |m 1  |o 658.402 GIB 2011  |p 4918967  |r 2025-01-15  |s 2024-09-27  |w 2019-11-22  |y BK  |k COM 
952 |0 0  |1 0  |4 0  |6 658_402000000000000_GIB_2011  |7 0  |8 A  |9 448340  |a BIBGIM  |b BIBGIM  |d 2019-11-22  |i 4919904  |l 1  |o 658.402 GIB 2011  |p 4919904  |r 2025-01-15  |s 2024-04-16  |w 2019-11-22  |y BK  |k COM